Practical Use of Biostatistics (Record no. 688)

MARC details
000 -LEADER
Fixed length control field 00503nam a2200193Ia 4500
003 - CONTROL NUMBER IDENTIFIER
Control field IIN
005 - DATE AND TIME OF LATEST TRANSACTION
Control field 20240201131303.0
008 - FIXED-LENGTH DATA ELEMENTS--GENERAL INFORMATION
Fixed length control field 231217s9999 xx 000 0 und d
020 ## - INTERNATIONAL STANDARD BOOK NUMBER / ISBN
Price Rs.295.00
International Standard Book Number 9788181914569
040 ## - CATALOGING SOURCE
Original cataloging agency IIN
Language of cataloging English
082 ## - DEWEY DECIMAL CLASSIFICATION NUMBER
Classification number 610.727
Book Number BEH
100 1# - MAIN ENTRY--PERSONAL NAME
Personal name Behera, Abhiram
245 #2 - TITLE STATEMENT
Title Practical Use of Biostatistics
Statement of responsibility Abhiram Behera
260 ## - IMPRINT
Name of publisher Paras Medical
Place of publication Hyderabad
Date of publication 2016
300 ## - PHYSICAL DESCRIPTION
Page / Vol. No 350 p.
650 1# - SUBJECT ADDED ENTRY--TOPICAL TERM
Topical term Research
Form subdivision Nursing
650 1# - SUBJECT ADDED ENTRY--TOPICAL TERM
Topical term Biostatistics
942 ## - ADDED ENTRY ELEMENTS (KOHA)
Koha item type Books
Holdings
Withdrawn status Lost status Source of classification Damaged status Not for loan Collection code Home library Current library Date acquired Price Total Checkouts Call number Accession number Date last seen Price effective from Koha item type Shelving location
    Dewey Decimal Classification       IDEAL INSTITUTE OF NURSING IDEAL INSTITUTE OF NURSING 17/12/2023 295.00   610.727 BEH 683 17/12/2023 17/12/2023 Books  
    Dewey Decimal Classification       IDEAL INSTITUTE OF NURSING IDEAL INSTITUTE OF NURSING 17/12/2023 295.00   610.727 BEH 684 17/12/2023 17/12/2023 Books  
    Dewey Decimal Classification       IDEAL INSTITUTE OF NURSING IDEAL INSTITUTE OF NURSING 17/12/2023 295.00   610.727 BEH 685 17/12/2023 17/12/2023 Books  
    Dewey Decimal Classification     Purches Book IDEAL INSTITUTE OF NURSING IDEAL INSTITUTE OF NURSING 11/03/2025     610.727 BEH 1904 28/04/2025 28/04/2025 Books General Stacks
© Ideal Institute Of Nursing, All rights reserved.         Powered by Koha